Άμεση επίδραση των αερολυμάτων της βάσης LlVAS στο ενεργειακό ισοζύγιο της γης : πτυχιακή εργασία

Saved in:
Bibliographic Details
Main Author: Φιλάνδρα, Σωτηρία
Corporate Author: Πανεπιστήμιο Αιγαίου. Σχολή Περιβάλλοντος. Τμήμα Περιβάλλοντος
Other Authors: Νταγκουνάκης, Γεώργιος (Dissertant)
Format: Thesis Book
Language:Greek
Published: 2016.
Subjects:
Online Access:http://hdl.handle.net/11610/18371
Tags: Add Tag
No Tags, Be the first to tag this record!

MARC

LEADER 00000cam a2200000 a 4500
001 1/117469
008 181031s2016####gr | ||| |||| ||gre||
040 |a GR-MyUa  |b gre  |c GR-MyUa  |e AACR2 
041 0 |a gre 
082 7 |a 551.51  |2 (23) 
100 1 |a Φιλάνδρα, Σωτηρία. 
245 1 0 |a Άμεση επίδραση των αερολυμάτων της βάσης LlVAS στο ενεργειακό ισοζύγιο της γης :   |b πτυχιακή εργασία /   |c Φιλάνδρα Σωτηρία , Νταγκουνάκης Γιώργος ; επιβλέπων καθηγητής: Χρήστος Ματσούκας.  
260 |c 2016.  
300 |a 54 σ. ;   |c 30 εκ.  
502 |a Πτυχιακή εργασία – Πανεπιστήμιο Αιγαίου, Λέσβος, 2016. 
504 |a Περιλαμβάνει βιβλιογραφία.  
506 1 |a Ηλεκτρονική διάθεση στο πλήρες κείμενο - περιορισμένης πρόσβασης ;   |d Ελεύθερη διάθεση μόνο στα μέλη του Πανεπιστημίου Αιγαίου.  
540 |a Κλειδωμένη η δυνατότητα αντιγραφής (copy) από το ηλεκτρονικό κείμενο.  
650 0 |a Atmospheric aerosols  |x Measurement. 
650 0 |a Climatic changes. 
650 0 |a Aerosols. 
650 0 |a Atmospheric chemistry. 
650 0 |a Air  |x Pollution. 
700 1 |a Ματσούκας, Χρήστος,  |e dgs 
700 1 |a Νταγκουνάκης, Γεώργιος,  |e dis 
710 2 |a Πανεπιστήμιο Αιγαίου.   |b Σχολή Περιβάλλοντος.   |b Τμήμα Περιβάλλοντος. 
852 |a INST  |b LESVOS  |c DIATR  |e 20181031  |h 1725  |p 005100059840  |q 005100059840  |t DIE  |y 23 
856 |u http://hdl.handle.net/11610/18371 
924 |a Φιλάνδρα   |b Σωτηρία   |y Λέσβος  |z 2016-07  
924 |a Νταγκουνάκης   |b Γιώργος   |y Λέσβος  |z 2016-07  
970 |a Δημάκη   |b Μαρία   |z 31-10-2018